[Event "SVK-chT1W 1920"]
[Site "Slovakia"]
[Date "2019.11.09"]
[Round "3.1"]
[White "Motuz, Karol"]
[Black "Franzen, Jozef"]
[Result "1-0"]
[WhiteElo "2365"]
[BlackElo "2225"]
[PlyCount "85"]
[EventDate "2019.10.12"]
[EventType "team-tourn"]
[EventRounds "11"]
[EventCountry "SVK"]
[SourceTitle "CBM 193 Extra"]
[Source "ChessBase"]
[SourceDate "2020.01.31"]
[SourceVersion "1"]
[SourceVersionDate "2020.01.31"]
[SourceQuality "1"]
[WhiteTeam "Povazska Bystrica"]
[BlackTeam "Bratislava Slovan III"]
[WhiteTeamCountry "SVK"]
[BlackTeamCountry "SVK"]

1. c4 e5 2. a3 Nf6 3. d3 d6 4. Nf3 g6 5. b4 Bg7 6. Bb2 0-0 7. g3 Re8 8. Bg2 Nbd7 9. 0-0 a6 10. Nbd2 c6 11. Rc1 Qe7 12. e3 Nf8 13. c5 dxc5 14. bxc5 Bg4 15. Qc2 N6d7 16. Ne4 Red8 17. a4 Ne6 18. Ba3 b6 19. Nfd2 bxc5 20. Nb3 Rab8 21. Na5 Rdc8 22. Rb1 f5 23. Rxb8 Nxb8 24. Nxc5 f4 25. f3 fxg3 26. hxg3 Bf5 27. g4 Bh6 28. Qf2 Nxc5 29. gxf5 Qa7 30. e4 Nbd7 31. Nb3 gxf5 32. Nxc5 fxe4 33. dxe4 Kh8 34. Rd1 Nf6 35. Rd3 Rb8 36. Nd7 Rb1+ 37. Bf1 Qxd7 38. Rxd7 Nxd7 39. Qa7 Rd1 40. Qxa6 Be3+ 41. Kg2 Rd2+ 42. Be2 Nf6 43. Bc1 1-0

[Event "SVK-chT1W 1920"]
[Site "Slovakia"]
[Date "2019.10.12"]
[Round "1.3"]
[White "Franzen, Jozef"]
[Black "Marosi, Csaba"]
[Result "1-0"]
[WhiteElo "2225"]
[BlackElo "2025"]
[PlyCount "95"]
[EventDate "2019.10.12"]
[EventType "team-tourn"]
[EventRounds "11"]
[EventCountry "SVK"]
[SourceTitle "CBM 193 Extra"]
[Source "ChessBase"]
[SourceDate "2020.01.31"]
[SourceVersion "1"]
[SourceVersionDate "2020.01.31"]
[SourceQuality "1"]
[WhiteTeam "Bratislava Slovan III"]
[BlackTeam "Orechova Poton"]
[WhiteTeamCountry "SVK"]
[BlackTeamCountry "SVK"]

1. e4 c5 2. Nf3 e6 3. d3 a6 4. g3 Qc7 5. Bg2 b5 6. 0-0 Bb7 7. Re1 d6 8. c3 Nf6 9. Nbd2 Nbd7 10. Qe2 Be7 11. Nf1 0-0 12. h4 Rac8 13. N3d2 Nb6 14. h5 Rfe8 15. Nh2 Nfd7 16. h6 g6 17. Ndf3 Ne5 18. Bg5 Nxf3+ 19. Nxf3 Bf8 20. Nh2 Nd7 21. Rad1 f5 22. Nf3 Nb6 23. exf5 exf5 24. Qxe8 Rxe8 25. Rxe8 Bc6 26. Rd8 Kf7 27. Re1 Nc8 28. Nh4 Na7 29. Ree8 Bxh6 30. Re7+ Qxe7 31. Bxe7 Kxe7 32. Rh8 Kf7 33. Rb8 Bc1 34. Rb6 Bxg2 35. Nxg2 Nc8 36. Rb7+ Kf6 37. b3 Bd2 38. Ne3 Ne7 39. c4 b4 40. Kf1 h6 41. Rb6 Ke6 42. Rxa6 g5 43. Ra8 f4 44. gxf4 gxf4 45. Nc2 Nf5 46. Ke2 Bc1 47. Kf3 Bd2 48. Ke4 1-0

[Event "SVK-ch 65"]
[Site "Tatranske Matliare"]
[Date "2019.05.31"]
[Round "8"]
[White "Mikulas, Dusan"]
[Black "Franzen, Jozef"]
[Result "0-1"]
[WhiteElo "1990"]
[BlackElo "2229"]
[PlyCount "96"]
[EventDate "2019.05.25"]
[EventType "swiss"]
[EventRounds "9"]
[EventCountry "SVK"]
[SourceTitle "CBM 190 Extra"]
[Source "ChessBase"]
[SourceDate "2019.07.15"]
[SourceVersion "1"]
[SourceVersionDate "2019.07.15"]
[SourceQuality "1"]

1. e4 e5 2. Nf3 Nc6 3. Bc4 Nf6 4. d3 h6 5. c3 d6 6. Nbd2 g6 7. Nf1 Bg7 8. Ng3 0-0 9. Bb3 d5 10. Qe2 Re8 11. 0-0 a5 12. Ba4 Qd6 13. h3 Bd7 14. Bc2 a4 15. Nh2 Qc5 16. Bd2 b5 17. Ng4 Nxg4 18. hxg4 a3 19. b4 Nxb4 20. Bb3 Na6 21. exd5 Qe7 22. Ne4 Nc5 23. Nxc5 Qxc5 24. Rac1 Qe7 25. g3 Rad8 26. Kg2 c6 27. Rh1 cxd5 28. Bxh6 Bc6 29. Qd2 d4+ 30. f3 Qf6 31. Rcf1 dxc3 32. Bxg7 Qxg7 33. Qxc3 Rd6 34. g5 Rc8 35. Kf2 Bb7 36. Qb4 Rxd3 37. Kg2 Bd5 38. Bxd5 Rxd5 39. Rc1 Rcd8 40. Rc2 Qf8 41. Qc3 Qd6 42. Re1 b4 43. Qe3 Rd2+ 44. Re2 Rxc2 45. Rxc2 Qd3 46. Qc5 e4 47. fxe4 Qxe4+ 48. Kh2 Kg7 0-1

[Event "SVK-ch 65"]
[Site "Tatranske Matliare"]
[Date "2019.05.28"]
[Round "5"]
[White "Jablonicky, Frantisek"]
[Black "Franzen, Jozef"]
[Result "0-1"]
[WhiteElo "1997"]
[BlackElo "2229"]
[PlyCount "66"]
[EventDate "2019.05.25"]
[EventType "swiss"]
[EventRounds "9"]
[EventCountry "SVK"]
[SourceTitle "CBM 190 Extra"]
[Source "ChessBase"]
[SourceDate "2019.07.15"]
[SourceVersion "1"]
[SourceVersionDate "2019.07.15"]
[SourceQuality "1"]

1. g3 e5 2. c4 d6 3. Nc3 g6 4. Bg2 Bg7 5. e3 Nd7 6. Nge2 Ngf6 7. d4 0-0 8. 0-0 Re8 9. b3 a6 10. Bb2 Qe7 11. Qc2 e4 12. h3 h5 13. Rfd1 Nf8 14. Rac1 Bf5 15. d5 N8h7 16. Nd4 Bd7 17. Nce2 g5 18. b4 Nf8 19. Nb3 Ng6 20. Na5 Rab8 21. a4 Ne5 22. Bxe5 Qxe5 23. Qb3 h4 24. gxh4 gxh4 25. c5 Qg5 26. Kh1 Qf5 27. cxd6 cxd6 28. Kg1 Bh6 29. Rc7 Kh7 30. Rf1 Rg8 31. Nf4 Rg7 32. Nxb7 Bxf4 33. exf4 Rbg8 0-1

[Event "SVK-ch 65"]
[Site "Tatranske Matliare"]
[Date "2019.05.27"]
[Round "4"]
[White "Ruckschloss, Karol"]
[Black "Franzen, Jozef"]
[Result "1-0"]
[WhiteElo "2206"]
[BlackElo "2229"]
[PlyCount "45"]
[EventDate "2019.05.25"]
[EventType "swiss"]
[EventRounds "9"]
[EventCountry "SVK"]
[SourceTitle "CBM 190 Extra"]
[Source "ChessBase"]
[SourceDate "2019.07.15"]
[SourceVersion "1"]
[SourceVersionDate "2019.07.15"]
[SourceQuality "1"]

1. c4 Nf6 2. Nf3 d6 3. g3 g6 4. Bg2 Bg7 5. 0-0 0-0 6. Nc3 e5 7. d4 Nbd7 8. b3 a5 9. Qc2 exd4 10. Nxd4 Nc5 11. Bb2 c6 12. Rad1 Qb6 13. Rd2 Re8 14. h3 a4 15. g4 axb3 16. Nxb3 h5 17. Rxd6 Nxb3 18. Nd5 Nxd5 19. Bxd5 Be6 20. Bxe6 Rxe6 21. Rxe6 Rxa2 22. Re8+ Kh7 23. Bxg7 1-0

[Event "Bratislava-ch Centenary"]
[Site "Bratislava"]
[Date "2019.05.16"]
[Round "8"]
[White "Franzen, Jozef"]
[Black "Bochnicka, Vladimir1"]
[Result "1-0"]
[WhiteElo "2229"]
[BlackElo "2108"]
[PlyCount "67"]
[EventDate "2019.05.10"]
[EventType "tourn"]
[EventRounds "9"]
[EventCountry "SVK"]
[SourceTitle "CBM 190 Extra"]
[Source "ChessBase"]
[SourceDate "2019.07.15"]
[SourceVersion "1"]
[SourceVersionDate "2019.07.15"]
[SourceQuality "1"]

1. e4 e5 2. Nf3 Nf6 3. Nxe5 d6 4. Nf3 Nxe4 5. Nc3 Nf6 6. d4 Be7 7. Bg5 Nbd7 8. Bd3 0-0 9. Qd2 Re8 10. 0-0-0 c6 11. h4 b5 12. Rde1 Nb6 13. Bxf6 Bxf6 14. Rxe8+ Qxe8 15. Qf4 d5 16. Re1 Qd8 17. g4 Bd7 18. g5 Be7 19. h5 Be6 20. g6 h6 21. gxf7+ Bxf7 22. Qf5 Nc4 23. Qh7+ Kf8 24. Bxc4 bxc4 25. Ne5 Bg5+ 26. Kb1 Qe8 27. Qh8+ Bg8 28. Ng6+ Kf7 29. Rxe8 Rxe8 30. Ne5+ Kf8 31. Ne2 c3 32. Ng3 Bf6 33. Nf5 c5 34. Nxh6 1-0

[Event "AUT-chT2O 1819"]
[Site "Austria"]
[Date "2019.03.10"]
[Round "9.1"]
[White "Franzen, Jozef"]
[Black "Prager, Manfred1"]
[Result "0-1"]
[WhiteElo "2256"]
[BlackElo "1970"]
[PlyCount "94"]
[EventDate "2018.10.06"]
[EventType "team-tourn"]
[EventRounds "11"]
[EventCountry "AUT"]
[SourceTitle "CBM 189 Extra"]
[Source "ChessBase"]
[SourceDate "2019.05.31"]
[SourceVersion "1"]
[SourceVersionDate "2019.05.31"]
[SourceQuality "1"]
[WhiteTeam "Pamhagen"]
[BlackTeam "Hietzing"]
[WhiteTeamCountry "AUT"]
[BlackTeamCountry "AUT"]

1. e4 c5 2. Nf3 d6 3. c3 Nf6 4. Bd3 Nc6 5. Bc2 e5 6. 0-0 Be7 7. Re1 Bg4 8. d3 0-0 9. Nbd2 b5 10. h3 Bh5 11. Nf1 a5 12. a4 b4 13. Ng3 Bg6 14. Nh4 Ne8 15. Nxg6 fxg6 16. Bb3+ Kh8 17. Qg4 Nf6 18. Qe2 Rb8 19. Bc4 Ne8 20. Nf1 Nc7 21. Ne3 Bg5 22. g3 Qf6 23. Kg2 h5 24. Rf1 Kh7 25. f4 exf4 26. Nd5 Nxd5 27. Bxd5 Ne7 28. Bc4 bxc3 29. bxc3 Qe5 30. gxf4 Bxf4 31. Bxf4 Rxf4 32. Rxf4 Qxf4 33. Rf1 Qe5 34. Qd2 d5 35. exd5 Nf5 36. Rf4 g5 37. Rxf5 Qxf5 38. Qe2 Kh6 39. d6 Qf6 40. Qe6 Qxe6 41. Bxe6 Kg6 42. d4 cxd4 43. c4 Kf6 44. Bd5 Ke5 45. d7 Kd6 46. Bf3 Kxd7 47. Bxh5 Rb4 0-1

[Event "AUT-chT2O 1819"]
[Site "Austria"]
[Date "2018.11.03"]
[Round "3.1"]
[White "Franzen, Jozef"]
[Black "Ly, Dominik"]
[Result "1/2-1/2"]
[WhiteElo "2256"]
[BlackElo "2238"]
[PlyCount "174"]
[EventDate "2018.10.06"]
[EventType "team-tourn"]
[EventRounds "11"]
[EventCountry "AUT"]
[SourceTitle "CBM 187 Extra"]
[Source "ChessBase"]
[SourceDate "2018.11.04"]
[SourceVersion "1"]
[SourceVersionDate "2018.11.04"]
[SourceQuality "1"]
[WhiteTeam "Pamhagen"]
[BlackTeam "Baden Invest"]
[WhiteTeamCountry "AUT"]
[BlackTeamCountry "AUT"]

1. e4 c5 2. Nf3 d6 3. d3 Nc6 4. g3 b6 5. Bg2 Bb7 6. 0-0 Nf6 7. Re1 e6 8. c3 Be7 9. d4 d5 10. e5 Nd7 11. Bf4 a5 12. Na3 Ba6 13. h4 h6 14. c4 dxc4 15. d5 exd5 16. Qxd5 Nb4 17. Qe4 Nd3 18. e6 Nf6 19. Qc6+ Kf8 20. Ne5 Rc8 21. Nxf7 Rxc6 22. Nxd8 Rc8 23. Nf7 Nxe1 24. Rxe1 Rg8 25. Nd6 Rd8 26. Ndxc4 Nd5 27. Bxd5 Rxd5 28. Nxb6 Rd3 29. Nac4 g5 30. hxg5 hxg5 31. Be5 Rg6 32. Bc3 Rh6 33. Ne5 Rxc3 34. bxc3 Rxe6 35. Nd5 Bd6 36. Nd7+ Kf7 37. Rb1 Bc4 38. Ne3 Bd3 39. Rd1 Bb5 40. Nf5 Bxd7 41. Nxd6+ Kf6 42. Nb7 Ba4 43. Rc1 Re2 44. Nxc5 Rxa2 45. Nxa4 Rxa4 46. Kg2 g4 47. c4 Rb4 48. c5 Rb7 49. Ra1 Rb5 50. Rc1 Rb7 51. c6 Rc7 52. Rc4 Kg5 53. Kf1 a4 54. Rxa4 Rxc6 55. Ra5+ Kg6 56. Ke2 Rc3 57. Rd5 Ra3 58. Rd3 Ra5 59. Ke3 Kf5 60. Rd8 Ra2 61. Rf8+ Kg5 62. Ke4 Re2+ 63. Kd5 Rd2+ 64. Ke4 Re2+ 65. Kd3 Ra2 66. Rf7 Ra4 67. Rg7+ Kf5 68. Rd7 Ra2 69. Rf7+ Kg5 70. Ke4 Re2+ 71. Kd5 Kg6 72. Rf4 Kg5 73. Kd6 Re1 74. Kd7 Re5 75. Rf7 Re2 76. Kd8 Kg6 77. Rf8 Kg5 78. Rf4 Re1 79. Kd7 Re2 80. Kd6 Re1 81. Rf7 Re2 82. Kd5 Re1 83. Kd4 Re2 84. Kd3 Ra2 85. Rf8 Rb2 86. Rg8+ Kf5 87. Kd4 Rd2+ 1/2-1/2

[Event "Banska Stiavnica V4 op"]
[Site "Banska Stiavnica"]
[Date "2018.07.12"]
[Round "6"]
[White "Franzen, Jozef"]
[Black "Lukac, Roman"]
[Result "1-0"]
[WhiteElo "2258"]
[BlackElo "2089"]
[PlyCount "82"]
[EventDate "2018.07.07"]
[EventType "swiss"]
[EventRounds "9"]
[EventCountry "SVK"]
[SourceTitle "CBM 185 Extra"]
[Source "ChessBase"]
[SourceDate "2018.07.29"]
[SourceVersion "1"]
[SourceVersionDate "2018.07.29"]
[SourceQuality "1"]

1. Nf3 Nf6 2. g3 c5 3. Bg2 Nc6 4. 0-0 e5 5. d3 d5 6. Nbd2 Be7 7. e4 dxe4 8. dxe4 0-0 9. c3 h6 10. Qe2 Be6 11. Nc4 Qc7 12. Nh4 Rfd8 13. Nf5 Bf8 14. f4 Kh7 15. fxe5 Nd7 16. Nce3 Ncxe5 17. Nd5 Qa5 18. Bf4 g6 19. Nfe3 Rac8 20. h4 c4 21. Kh2 Bg7 22. Bh3 Re8 23. h5 Bxh3 24. hxg6+ fxg6 25. Kxh3 Qa6 26. Bxe5 Rxe5 27. Qg4 Rd8 28. Rf7 h5 29. Qf3 Rf8 30. Rxf8 Nxf8 31. Kg2 Qe6 32. Nf4 Qc6 33. Ned5 Ne6 34. Nxg6 Rg5 35. Nge7 Qd6 36. Nf5 Qe5 37. Rh1 Kg6 38. Rh4 Bf8 39. Kh3 Bc5 40. Nf4+ Kf7 41. Rxh5 Rxf5 1-0

[Event "Banska Stiavnica V4 op"]
[Site "Banska Stiavnica"]
[Date "2018.07.08"]
[Round "2"]
[White "Franzen, Jozef"]
[Black "Posa, Norbert"]
[Result "0-1"]
[WhiteElo "2258"]
[BlackElo "2036"]
[PlyCount "54"]
[EventDate "2018.07.07"]
[EventType "swiss"]
[EventRounds "9"]
[EventCountry "SVK"]
[SourceTitle "CBM 185 Extra"]
[Source "ChessBase"]
[SourceDate "2018.07.29"]
[SourceVersion "1"]
[SourceVersionDate "2018.07.29"]
[SourceQuality "1"]

1. e4 c6 2. d4 d5 3. exd5 cxd5 4. Bd3 Nc6 5. c3 Qc7 6. Ne2 Bg4 7. f3 Bd7 8. Bf4 e5 9. dxe5 Nxe5 10. Bc2 Nf6 11. Nd2 Bd6 12. 0-0 h6 13. Kh1 g5 14. Bg3 0-0-0 15. Nb3 h5 16. Qd4 b6 17. a4 h4 18. Be1 h3 19. g3 Bc5 20. Nxc5 bxc5 21. Qf2 g4 22. fxg4 Nfxg4 23. Qf4 Qb7 24. Bf5 d4+ 25. Qe4 Bxf5 26. Qxb7+ Kxb7 27. Rxf5 d3 0-1

[Event "AUT-chT2O 1718"]
[Site "Austria"]
[Date "2018.04.08"]
[Round "11.5"]
[White "Franzen, Jozef"]
[Black "Rechberger, Franz"]
[Result "1-0"]
[WhiteElo "2265"]
[BlackElo "2134"]
[PlyCount "105"]
[EventDate "2017.10.21"]
[EventType "team-tourn"]
[EventRounds "11"]
[EventCountry "AUT"]
[SourceTitle "EXT 2019"]
[Source "ChessBase"]
[SourceDate "2018.10.10"]
[SourceVersion "1"]
[SourceVersionDate "2018.10.10"]
[SourceQuality "1"]
[WhiteTeam "Pamhagen II"]
[BlackTeam "Mostarrichi"]
[WhiteTeamCountry "AUT"]
[BlackTeamCountry "AUT"]

1. Nf3 c5 2. g3 Nc6 3. Bg2 g6 4. 0-0 Bg7 5. e4 Nf6 6. Re1 d5 7. exd5 Nxd5 8. d3 0-0 9. Nbd2 b6 10. a4 Bb7 11. Nc4 Qc7 12. c3 Rad8 13. Qc2 a6 14. Bd2 b5 15. axb5 axb5 16. Ne3 Nb6 17. Red1 Ne5 18. Nxe5 Bxg2 19. Nxg6 Bb7 20. Nh4 Qc6 21. f3 Bf6 22. Neg2 Rd7 23. Be3 Nd5 24. Bf2 Nc7 25. Qe2 Rfd8 26. d4 cxd4 27. Bxd4 e5 28. Be3 Nd5 29. Bf2 e4 30. fxe4 Nc7 31. Rxd7 Rxd7 32. Bd4 Bxd4+ 33. cxd4 Qxe4 34. Qxe4 Bxe4 35. Ra7 Kf8 36. Nf4 Ke7 37. Kf2 Kd8 38. Ke3 f5 39. Ra1 Ne8 40. Nf3 Ke7 41. Nd2 Nf6 42. Nxe4 Nxe4 43. Ra8 Nf6 44. h3 Ne4 45. g4 Nd6 46. b3 Kf6 47. Rf8+ Ke7 48. Rb8 Kf6 49. Rb6 fxg4 50. hxg4 Kg5 51. Nd3 Re7+ 52. Ne5 Re6 53. Rxd6 1-0

[Event "AUT-chT2O 1718"]
[Site "Austria"]
[Date "2018.02.24"]
[Round "8.1"]
[White "Hofegger, Jakob"]
[Black "Franzen, Jozef"]
[Result "1/2-1/2"]
[WhiteElo "2111"]
[BlackElo "2265"]
[PlyCount "66"]
[EventDate "2017.10.21"]
[EventType "team-tourn"]
[EventRounds "11"]
[EventCountry "AUT"]
[SourceTitle "EXT 2019"]
[Source "ChessBase"]
[SourceDate "2018.10.10"]
[SourceVersion "1"]
[SourceVersionDate "2018.10.10"]
[SourceQuality "1"]
[WhiteTeam "Baden Invest"]
[BlackTeam "Pamhagen II"]
[WhiteTeamCountry "AUT"]
[BlackTeamCountry "AUT"]

1. Nf3 Nf6 2. g3 g6 3. Bg2 Bg7 4. 0-0 0-0 5. d3 d6 6. e4 e5 7. c3 Re8 8. Re1 Nbd7 9. Nbd2 a5 10. d4 Nb6 11. h3 Bd7 12. Qc2 Rc8 13. Nf1 exd4 14. Nxd4 d5 15. e5 c5 16. Nb3 Bf5 17. Qd1 Nfd7 18. f4 f6 19. g4 Be4 20. Bxe4 dxe4 21. exf6 Qxf6 22. Nxa5 Rc7 23. Ng3 Qh4 24. Kg2 Nf6 25. Qb3+ Nbd5 26. g5 c4 27. Nxc4 Nh5 28. Nxh5 Qxe1 29. Nd6 Qe2+ 30. Kg1 Qe1+ 31. Kg2 Qe2+ 32. Kg1 Qe1+ 33. Kg2 Qe2+ 1/2-1/2

[Event "SVK-chT1W 1718"]
[Site "Slovakia"]
[Date "2018.02.17"]
[Round "8.3"]
[White "Franzen, Jozef"]
[Black "Molnar, Erno"]
[Result "1/2-1/2"]
[WhiteElo "2261"]
[BlackElo "2209"]
[PlyCount "75"]
[EventDate "2017.10.21"]
[EventType "team-tourn"]
[EventRounds "11"]
[EventCountry "SVK"]
[SourceTitle "EXT 2019"]
[Source "ChessBase"]
[SourceDate "2018.10.10"]
[SourceVersion "1"]
[SourceVersionDate "2018.10.10"]
[SourceQuality "1"]
[WhiteTeam "Bratislava Slovan II"]
[BlackTeam "Komarno KSC"]
[WhiteTeamCountry "SVK"]
[BlackTeamCountry "SVK"]

1. Nf3 Nf6 2. g3 g6 3. Bg2 Bg7 4. 0-0 0-0 5. c4 d5 6. cxd5 Nxd5 7. d4 Nb6 8. Nc3 Nc6 9. d5 Na5 10. e4 Bg4 11. h3 Bxf3 12. Qxf3 Nac4 13. b3 Nd6 14. Bb2 Qd7 15. Qe2 e5 16. Rae1 a5 17. a4 Nbc8 18. Nd1 b5 19. f4 f6 20. fxe5 fxe5 21. Rxf8+ Kxf8 22. Nc3 Kg8 23. axb5 Na7 24. Bf1 Rb8 25. Ra1 Naxb5 26. Nxb5 Qxb5 27. Qxb5 Nxb5 28. Rxa5 Nd6 29. Ba3 Rxb3 30. Bxd6 cxd6 31. Kf2 Bh6 32. Ra8+ Kg7 33. Ra7+ Kg8 34. Rd7 Be3+ 35. Kg2 Bc5 36. Be2 h5 37. h4 Rb2 38. Kf3 1/2-1/2

[Event "SVK-chT1W 1718"]
[Site "Slovakia"]
[Date "2018.02.03"]
[Round "7.3"]
[White "Karas, Marek"]
[Black "Franzen, Jozef"]
[Result "1/2-1/2"]
[WhiteElo "2240"]
[BlackElo "2261"]
[PlyCount "23"]
[EventDate "2017.10.21"]
[EventType "team-tourn"]
[EventRounds "11"]
[EventCountry "SVK"]
[SourceTitle "EXT 2019"]
[Source "ChessBase"]
[SourceDate "2018.10.10"]
[SourceVersion "1"]
[SourceVersionDate "2018.10.10"]
[SourceQuality "1"]
[WhiteTeam "Bratislava KSN"]
[BlackTeam "Bratislava Slovan II"]
[WhiteTeamCountry "SVK"]
[BlackTeamCountry "SVK"]

1. d4 Nf6 2. c4 g6 3. Nc3 Bg7 4. e4 d6 5. Be2 0-0 6. Bg5 c6 7. f4 Qa5 8. Qd2 e5 9. fxe5 dxe5 10. d5 Nbd7 11. Nf3 cxd5 12. cxd5 1/2-1/2

[Event "SVK-chT 1718"]
[Site "Slovakia"]
[Date "2017.12.10"]
[Round "6.4"]
[White "Szucs, Vladimir"]
[Black "Franzen, Jozef"]
[Result "1/2-1/2"]
[WhiteElo "2142"]
[BlackElo "2272"]
[PlyCount "77"]
[EventDate "2017.09.30"]
[EventType "team-tourn"]
[EventRounds "11"]
[EventCountry "SVK"]
[SourceTitle "EXT 2019"]
[Source "ChessBase"]
[SourceDate "2018.10.10"]
[SourceVersion "1"]
[SourceVersionDate "2018.10.10"]
[SourceQuality "1"]
[WhiteTeam "Podhajska Aquamarin"]
[BlackTeam "Bratislava Slovan"]
[WhiteTeamCountry "SVK"]
[BlackTeamCountry "SLO"]

1. d4 Nf6 2. c4 g6 3. Nc3 Bg7 4. e4 d6 5. Nf3 0-0 6. Be2 Nbd7 7. 0-0 e5 8. dxe5 dxe5 9. Qc2 c6 10. Rd1 Qe7 11. Be3 Nh5 12. Rab1 Nf4 13. Bf1 Re8 14. b4 Qf6 15. g3 Ne6 16. Be2 Bf8 17. a3 h6 18. Kg2 Kh7 19. h4 h5 20. Rd2 Be7 21. Rbd1 Ndf8 22. Qb2 Qg7 23. c5 f6 24. Bc4 Nc7 25. Ne2 Bg4 26. Ne1 Red8 27. Rxd8 Rxd8 28. Rxd8 Bxd8 29. Qd2 Qd7 30. Qxd7+ Nxd7 31. Nf3 Kg7 32. Nd2 Kf8 33. f3 Be6 34. Kf2 Ke7 35. Nc1 Nb5 36. Bxe6 Kxe6 37. Nc4 Bc7 38. Nb3 b6 39. Ke2 1/2-1/2